000 00232nam a2200109Ia 4500
008 240625s9999 xx 000 0 und d
041 _aeng
082 _a519.5 MCC
100 _aMCCLAVE JAMES
245 _aSTATISTICS
260 _c2013
999 _c34910
_d34910